Atlas hidrográfico de Chile

में बचाया:
ग्रंथसूची विवरण
निगमित लेखक: Instituto Hidrográfico de la Armada (लेखक)
स्वरूप: पुस्तक
भाषा:स्पेनिश
प्रकाशित: Santiago Instituto Hidrográfico de la Armada 1980
संस्करण:2a. ed
विषय:
टैग: टैग जोड़ें
कोई टैग नहीं, इस रिकॉर्ड को टैग करने वाले पहले व्यक्ति बनें!

MARC

LEADER 00000nam a2200000 a 4500
001 UCV8348
003 CL-VaPUC
008 910419e19800000CL |||||||||||||||||spa|d
082 0 4 |a 623.892  |b INS  |2 21 
110 2 |a Instituto Hidrográfico de la Armada  |e author  |9 302423 
245 1 0 |a Atlas hidrográfico de Chile 
250 |a 2a. ed 
300 |a 38 p 
942 |c BK 
945 |d 19910419 00:00:00 
260 |a Santiago  |b Instituto Hidrográfico de la Armada  |c 1980 
650 7 |a HIDROGRAFIA  |2 CL-VaPUC  |9 261115 
650 7 |a MAPAS - CHILE  |2 CL-VaPUC  |9 266509 
650 7 |a CARTAS NAUTICAS  |2 CL-VaPUC  |9 261114 
583 |a last modification  |c 20120522 08:53:14  |k Rodrigo Vera 
999 |c 213882  |d 213880 
952 |0 0  |1 0  |4 0  |6 623_892000000000000_INS_1980  |7 0  |8 F  |9 196711  |a BIBARQ  |b BIBARQ  |d 2019-11-14  |i 2645297  |o 623.892 INS 1980  |p 2645297  |r 2025-01-20  |w 2019-11-14  |y BK_F  |k ARQ